Strategic Human Resource management- A Global Perspective: (Record no. 172381)

MARC details
000 -LEADER
fixed length control field 00557nam a22001697a 4500
005 - DATE AND TIME OF LATEST TRANSACTION
control field 20200211174740.0
010 ## - LCCN (DPL NO)
LC control number ENG-127635
020 ## - INTERNATIONAL STANDARD BOOK NUMBER
International Standard Book Number 9789389146721
Terms of availability 150.00
035 ## - SYSTEM CONTROL NUMBER
System control number EN-111167
037 ## - SOURCE OF ACQUISITION
Source of stock number/acquisition DBAD/PUB
082 ## - DEWEY DECIMAL CLASSIFICATION NUMBER
Classification number 658.3
245 ## - TITLE STATEMENT
Title Strategic Human Resource management- A Global Perspective:
Statement of responsibility, etc Research Enhancement Initiative 2019-20120/
260 ## - PUBLICATION, DISTRIBUTION, ETC. (IMPRINT)
Place of publication, distribution, etc Tamil Nadu
Name of publisher, distributor, etc Shanlax
Date of publication, distribution, etc 2019
270 ## - ADDRESS
City Tamil Nadu
Address 61,66 T.P.K. Main Road Vasantha Nagar Madurai
Postal code 625003
300 ## - PHYSICAL DESCRIPTION
Extent 353p.
Other physical details 24cm(hb)
942 ## - ADDED ENTRY ELEMENTS (KOHA)
Source of classification or shelving scheme Dewey Decimal Classification
Item type English Books
Classification part 658.3
Call number suffix STR
Holdings
Withdrawn status Lost status Not for loan Collection code Home library Current library Date acquired Source of acquisition Cost, normal purchase price Full call number Barcode Copy number Cost, replacement price Koha item type
      Non-fiction Sarojini Nagar Sarojini Nagar 04/02/2020 DBAD/PUB 150.00 658.3 STR EN-111167 1 150.00 English Books

© Delhi Public Library
Hit Counter
free hit counter